Germany 2002 World Cup Final - Starting Lineup - Statistics

General Stats
  • This quiz has been taken 520 times
  • The average score is 6 of 14
Answer Stats
Hint Answer % Correct
GK Bayern Oliver Kahn
98%
FW Kaiserslautern Miroslav Klose
81%
MF Liverpool Dietmar Hamann
60%
MF Bremen Torsten Frings
51%
FW Leverkusen Oliver Neuville
46%
MF Leverkusen Bernd Schneider
44%
FW sub Monaco Oliver Bierhoff
42%
DF Leverkusen Carsten Ramelow
35%
DF sub Tottenham Christian Ziege
33%
DF Bayern Thomas Linke
33%
DF Dortmund Christoph Metzelder
32%
MF Bayern Jens Jeremies
32%
FW sub Schalke Gerald Asamoah
30%
MF Bremen Marco Bode
26%
No matching quizzes found
Score Distribution
Percent of People with Each Score
Percentile by Number Answered
Your Score History
You have not taken this quiz